| 000 | 00606cam a22001697a 4500 | ||
|---|---|---|---|
| 008 | 180718b1990 xxu||||| |||| 00| 0 eng d | ||
| 082 | _aA6x547 K132 | ||
| 245 |
_aPakistan resolution revisited _cedited by Kaniz F. Yusuf, M. Saleem Akhtar and S. Razi Wasti |
||
| 260 |
_aIslamabad _bNational Institute of Historical and Cultural Research _c1990 |
||
| 300 | _a680p. | ||
| 440 | _aHistorical studies (Pakistan) series: 8 | ||
| 650 | _aPakistan - Politics and government | ||
| 650 | _aPakistan - History | ||
| 700 | _aWasti, S. Razi, ed. | ||
| 700 | _aAkhtar, M. Saleem, ed. | ||
| 700 | _aYusuf, Kaniz, ed. | ||
| 999 |
_c380383 _d380383 |
||